David Lynch - filmy i seriale - Statystyki

Ogólne statystyki
  • Ten quiz został rozwiązany 14 razy
  • Średni wynik to 6 z 11
Statystyki odpowiedzi
Hint Odpowiedź % Poprawnych
1990 - Stan Wasztngton, Kawa, Pączki i placek z wiśnią Twin Peaks
85%
1980 - W jednej z głównych ról Anthony Hopkins Człowiek Słoń
77%
2001 - Realia American Dream Mulholland Drive
69%
1986 - Film Neo Noir, akcja na amerykańskich przedmieściach Blue Velvet
62%
1997 - Debiut Reżyserski, film podejmował temat strachu przed byciem rodzicem Eraserhead
62%
1997 - Dom w którym akcja rozgrywa się na początku filmu należał do Lyncha Lost Highway
62%
1990 - Złota Palma w Cannes i Willem Dafoe Wild at Heart
62%
1984 - Adaptacja książki Herberta Diuna
54%
2006 - Nakręcony częściowo w Łodzi Inland Empire
31%
1999 - Film wydany przez Disneya Prosta Historia
31%
1992 - Mroczny prequel najwięszkego dzieła Lyncha Twin Peaks Fire Walk with Me
31%
Nie znaleziono quizów pasujących do podanych kryteriów
Rozkład punktacji
Procent ludzi z każdym wynikiem
Percentyl według liczby udzielonych odpowiedzi
Twoja historia wyników
Nie rozwiązałeś tego quizu